000 00419nam a2200157 i 4500
001 57187
003 ES-MaACL
005 20230906163529.0
007 t|
008 031015s1931 xxk ||||1| eng d
100 1 _aDitmars, Raymond L.
_944885
245 1 0 _aStrange animal
_b: I have known /
_cRaymond L. Ditmars.
260 _aLondon :
_bJohn Lane,
_c1931.
300 _a375 p. ;
_c21 cm.
852 _aES-MaACL
_jA-3444
999 _c57187
_d57187